• 首页
  • 本馆介绍
  • 公告通知
  • 最新文献
  • 馆藏检索
  • 电子资源
  • 读者导购
  • 参考咨询
  • 我的图书馆
  • 登录
  • 详细信息显示
  • 放入我的书架
  • 预约/预借图书
  • 作者相关作品
  • 分类相关作品
  • 丛书相关作品
  • 出版社相关作品

书目信息

  • 表格格式
  • 工作单格式
  • 卡片格式
题名:
山水中国
    
 
作者: 段宝林 , 江溶 主编
分册:   江西卷
出版信息: 北京   北京大学出版社  2005
页数: 292页
开本: 22cm
丛书名:
单 册:
中图分类: K928.70
科图分类:
主题词: 名胜古迹--简介--江西省 , 名胜古迹
电子资源:
ISBN: 7-301-09002-1
000 00954nam0 2200253 450
001 012007234389
005 20070517113113.34
010    @a7-301-09002-1@dCNY32.00
100    @a20070508d2005 km y0chiy0120 ea
101 0  @achi
102    @aCN@b110000
105    @aa z 000yy
106    @ar
200 1  @a山水中国@Ashan shui zhong guo@i江西卷@f段宝林,江溶主编@Fduan bao lin,jiang rong zhu bian
210    @a北京@c北京大学出版社@d2005
215    @a292页@c图@d22cm
330    @a本书作为“山水中国”图文丛书中的一卷,对江西省的景观名胜、历史古迹、传说掌故、风土人情等作了全景式的扫描,并配以近200幅插图,文采焕然,图绘精美,以深沉厚重的文化内涵和蕴藉流畅的叙述笔调,区别于时下流行的以资讯为主的旅游指南和以历史文化为研究对象。
606 0  @a名胜古迹@x简介@y江西省
606 0  @a名胜古迹
690    @aK928.70@v4
701  0 @a段宝林@Aduan bao lin@4主编
701  0 @a江溶@Ajiang rong@4主编
801  0 @aCN@bRULIN@c20070517
905    @dK928.70@e439@s8
    
    山水中国.江西卷/段宝林,江溶主编.-北京:北京大学出版社,2005
    292页:图;22cm
    
    
    ISBN 7-301-09002-1:CNY32.00
    本书作为“山水中国”图文丛书中的一卷,对江西省的景观名胜、历史古迹、传说掌故、风土人情等作了全景式的扫描,并配以近200幅插图,文采焕然,图绘精美,以深沉厚重的文化内涵和蕴藉流畅的叙述笔调,区别于时下流行的以资讯为主的旅游指南和以历史文化为研究对象。
●
相关链接 在E读中查询图书 在五车中查询图书 在当当中查询图书 在豆瓣中查询图书


正题名:山水中国     索取号:K928.70/439         预约/预借

序号 登录号 条形码 馆藏地/架位号 状态 备注
1 0578763   205787638   第二样本阅览室/ [索取号:K928.70/439] 在馆    
2 0578764   205787647   第二借阅区/ [索取号:K928.70/439] 在馆    
3 0578765   205787656   密集书库/ [索取号:K928.70/439] 在馆    
4 0578766   205787665   第二借阅区/ [索取号:K928.70/439] 在馆    
5 0578767   205787674   密集书库/ [索取号:K928.70/439] 在馆    
6 0578768   205787683   第二借阅区/ [索取号:K928.70/439] 在馆    
7 0578769   205787692   第二借阅区/ [索取号:K928.70/439] 在馆    
8 0578770   205787709   密集书库/ [索取号:K928.70/439] 在馆    
唐山师范学院图书馆 欢迎您!
大连网信软件有限公司© 版权所有